000 00484nmm a2200169Ia 4500
008 251105s9999||||xx |||||||||||||||||und||
020 _a9788495839817
041 _aspa
100 _aAllen, Woody
245 0 _aMelinda & Melinda :
_b guión cinematográfico de Woody Allen
264 _a[Madrid, España] :
_bOcho y Medio,
_c2004
300 _a308 páginas
490 _aEspiral
650 _aFilm studies
856 _uhttps://public.digitaliapublishing.com/a/377
942 _cCF
999 _c89678
_d89678